000 00333nam a2200121Ia 4500
008 231221s9999 xx 000 0 und d
041 _aEnglish
082 _a621.3811 FEH;3
100 _aFeher, Kamilo
245 0 _aWireless digital communications: Modu-
650 _aWireless communications Digital communications
942 _cFP
999 _c207359
_d207359